00210nam a22000977a 4500003000400000082001500004100001800019245003800037260002900075300000800104SGT a519.2bDUR aDUERETT, RICK aPROBABILITY: THEORY AND EXAMPLES  aLONDONbCAMBRIDGE c2019 a419